000
00230nam a2200097Ia 4500
008
240331s9999 xx 000 0 und d
082
_b
KEE
100
_a
Keethaponkalan,S.I
245
0
_a
Elangaine enamothalum samathanamum
942
_c
L
999
_c
4624
_d
4624